000 01043pam a2200289 a 4500
001 3868
003 FISKH
005 20240520112309.0
008 240520b cb ||||| |||| 00| 0 fre d
010 _a 83007223
020 _a9782268052243
020 _a080370030X (lib. bdg.)
040 _aDLC
_cDLC
_dDLC
_beng
042 _alcac
050 0 0 _aPZ7.B413
_bMu 1983
082 0 0 _a[Fic]
_219
100 1 _aBellairs, John.
245 1 4 _aLa Momie dans la crypte :
_cJohn Bellairs
260 _aNew York :
_bEditions du Rocher,
_c2004
300 _a229 pages :
_billustrations,
_c22 cm
500 _aSequel to: The curse of the blue figurine.
520 _aTwelve-year old Johnny Dixon and his friend Professor Childermass look for the hidden will left by an eccentric cereal tycoon who wished to make life difficult for his heirs after his own death by suicide.
650 1 _aMystery and detective stories.
650 1 _aInheritance and succession
_xFiction.
906 _a7
_bcbc
_corignew
_d1
_eocip
_f19
_gy-gencatlg
942 _2ddc
_cBK
_n0
999 _c3868
_d3868